Tilastot visalle 15 maata joissa on eniten Covid-19-tapauksia; 27. kesäkuuta

Klikkaa tästä pelataksesi tätä visaa!

Yleistilastot

  • Tätä visaa on pelattu 4 kertaa
  • Keskiarvotulos 12 / 26

Vastaustilastot

maa% Oikein
Espanja
100%
Italia
100%
Ruotsi
100%
Saksa
100%
Yhdistynyt
kuningaskunta
100%
Yhdysvallat
100%
Brasilia
67%
Intia
67%
Iran
67%
Pakistan
67%
Peru
67%
Turkki
67%
Venäjä
67%
Meksiko
33%
Saudi-Arabia
33%
Valko-Venäjä
33%
Armenia
0%
Bahrain
0%
Belgia
0%
Chile
0%
Chile
0%
Kuwait
0%
Oman
0%
Panama
0%
Qatar
0%
Singapore
0%

Tulosjakauma

Persentiili vastausten määrän mukaan

Jokaisen tuloksen saaneiden osuus

Tuloshistoriasi

Et ole pelannut tätä visaa